Dharmasastra and Human Right/ (Record no. 196995)

MARC details
000 -LEADER
fixed length control field 00577nam a22001817a 4500
005 - DATE AND TIME OF LATEST TRANSACTION
control field 20231205161856.0
010 ## - LCCN (DPL NO)
LC control number ENG-137773
020 ## - INTERNATIONAL STANDARD BOOK NUMBER
International Standard Book Number 9788183151610
Terms of availability 900.00
035 ## - SYSTEM CONTROL NUMBER
System control number EN-121304
037 ## - SOURCE OF ACQUISITION
Source of stock number/acquisition DBAD
082 ## - DEWEY DECIMAL CLASSIFICATION NUMBER
Classification number 323
Edition number 2011
100 ## - MAIN ENTRY--PERSONAL NAME
Personal name Jha, Ujjawala
245 ## - TITLE STATEMENT
Title Dharmasastra and Human Right/
Statement of responsibility, etc By Ujjawala Jha
260 ## - PUBLICATION, DISTRIBUTION, ETC. (IMPRINT)
Date of publication, distribution, etc 2011
Place of publication, distribution, etc Delhi
Name of publisher, distributor, etc New bhartiya book corporation
270 ## - ADDRESS
Address 208,2nd floor Prakash Deep Building,4735/22, Ansari Road, Darya ganj,New Delhi - 110002
300 ## - PHYSICAL DESCRIPTION
Extent 395p.
Dimensions 23cm(Hbk)
942 ## - ADDED ENTRY ELEMENTS (KOHA)
Source of classification or shelving scheme Dewey Decimal Classification
Item type English Books
Classification part 323
Call number suffix JHA
Holdings
Withdrawn status Lost status Not for loan Collection code Home library Current library Date acquired Source of acquisition Cost, normal purchase price Full call number Barcode Copy number Cost, replacement price Koha item type
      Non-fiction Vinoba Puri Vinoba Puri 10/08/2023 DBAD/PUB 900.00 323 JHA EN-121304 1 900.00 English Books

© Delhi Public Library
Hit Counter
free hit counter